000 00660cab a2200205 4500
001 WB3321-14
008 090401t1997 xxu||||| |||| 00| 0 eng d
035 _a(Sirsi) u78658
041 _aeng
245 _aValue challenge
260 _c1997
350 _a0
490 _aFinancial Times
_v29 May 1997, 11(1)
520 _aReports on a task force being set up by the Scottish Secretary which will look into ways of replacing compulsory competitive tendering with a system requiring councils to ensure best value.
650 _aCCT
650 _aCOMPULSORY COMPETITIVE TENDERING
690 _aECONOMIC AND SOCIAL
942 _n0
948 _c29/05/1997
999 _c49464
_d49464